|
|
|
|
| LEADER |
00000nam1a2200000 4500 |
| 001 |
156849 |
| 005 |
20231101221928.0 |
| 010 |
|
|
|a 5030010475
|
| 020 |
|
|
|a RU
|b 90-14918
|
| 035 |
|
|
|a (RuTPU)RU\TPU\book\170101
|
| 090 |
|
|
|a 156849
|
| 100 |
|
|
|a 20090331d1989 km a0rusy5003 ca
|
| 101 |
1 |
|
|a rus
|c eng
|
| 200 |
1 |
|
|a Квантовый эффект Холла
|e пер. с англ.
|f под ред. С. Гирвина, Р. Е. Пренджа
|
| 210 |
|
|
|a Москва
|c Мир
|d 1989
|
| 215 |
|
|
|a 408 с.
|c ил.
|
| 320 |
|
|
|a Библиогр.: с. 385-396.
|
| 320 |
|
|
|a Предм. указ.: с. 397-400.
|
| 606 |
1 |
|
|a Холла эффект
|x Исследование
|2 stltpush
|3 (RuTPU)RU\TPU\subj\17479
|9 43107
|
| 610 |
1 |
|
|a квантовый эффект Холла
|
| 675 |
|
|
|a 537.63
|v 3
|
| 702 |
|
1 |
|a Гирвин
|b С.
|4 340
|
| 702 |
|
1 |
|a Прендж
|b Р. Е.
|g Ричард Е.
|4 340
|
| 801 |
|
0 |
|a RU
|b RuMRKP
|c 19950417
|g psbo
|
| 801 |
|
1 |
|a RU
|b 63413507
|c 20090331
|g PSBO
|
| 801 |
|
2 |
|a RU
|b 63413507
|c 20180529
|g PSBO
|
| 942 |
|
|
|c BK
|